000
00214 a2200097 4500
001
45546
100
_a
Raza Mehdi
245
_a
Pakistan today
260
_a
Lahore
_b
Progressive publisher
_c
090
_c
28710
_d
28710
942
_a
NUST-CAE
_c
M
_c
20792
999
_c
280619
_d
280619